Dopravno-inžnierske a dopravno-urbanistické zásady pre mestský bulvár Mlynské nivy v Bratislave

Salvato in:
Dettagli Bibliografici
Autore principale: Šulík, Matej (Autore)
Altri autori: Schlosser, Tibor (Relatore della tesi)
Natura: Manoscritto Libro
Lingua:slovacco
Pubblicazione: 2019
Soggetti:
Accesso online:http://is.stuba.sk/zp/portal_zp.pl?podrobnosti=136800
https://opac.crzp.sk/?fn=detailBiblioForm&sid=72994EA9AD52E4DE4F924C064587
Tags: Aggiungi Tag
Nessun Tag, puoi essere il primo ad aggiungerne!!

MARC

LEADER 00000ntm a22000003a 4500
001 stuzp72614
003 SK-STU
005 20230609134412.8
007 ta
008 150427s2015----xo-----f-mn---000-0-slo-d
040 |a STU  |b slo 
041 0 |a slo 
100 1 |a Šulík, Matej  |u 010120  |4 aut  |U SvF Stavebná fakulta  |T SvF Katedra dopravných stavieb  |X 87401  |U V120  |Y 12  |7 87401 
242 0 1 |a Traffic engineering and traffic planning rules for boulevard on Mlynské nivy in Bratislava  |y eng 
245 1 0 |a Dopravno-inžnierske a dopravno-urbanistické zásady pre mestský bulvár Mlynské nivy v Bratislave 
260 |c 2019 
650 4 |a územný generel dopravy  |2 slo 
650 4 |a bulvár  |2 slo 
650 4 |a verejná doprava  |2 slo 
650 4 |a centrum mesta  |2 slo 
650 4 |a master transport plan  |2 eng 
650 4 |a boulevard  |2 eng 
650 4 |a public transport  |2 eng 
650 4 |a downtown  |2 eng 
700 1 |a Schlosser, Tibor  |u 010120  |k Z1  |4 ths  |U SvF Stavebná fakulta  |T SvF Katedra dopravných stavieb  |X 68495  |U V120  |Y 12  |7 68495 
856 4 |u http://is.stuba.sk/zp/portal_zp.pl?podrobnosti=136800 
856 4 |u https://opac.crzp.sk/?fn=detailBiblioForm&sid=72994EA9AD52E4DE4F924C064587